Zemplínska šírava večer na Zemplínskej šírave : prístav lodiek v rekreačnom stredisku Hôrka : kemping v rekreačnom stredisku Senderov

Zobrazenie: Tri čiastkové pohľady, každý v bielom orámovaní, všetky spolu v striebornom orámovaní. V prvom pohľade je hore strieborným písmom názov. Nočný pohľad z brehu na vodnú nádrž v pozadí. Pohľad na stany a autá okolo listnatého stromu v autokempingu. Pohľad na člny kotviace na brehu vodnej ná...

Full description

Bibliographic Details
Other Authors: Jiroušek, Alexander, 1934-2021 (Photographer), Zibrin, Zdeno (fotograf) (Photographer), Bobula, Juraj, 1948-2017 (Photographer)
Format: Photo
Language:Slovak
PhysicalDescription:1 pohľadnica (3 čiastkové pohľady) farebná 15 x 11 cm
Published: Bratislava ČSTK-Pressfoto 1989
Subjects:

MARC

LEADER 00000ckm a2200000 a 4500
001 vtls001204186
003 SK-MaSNL
005 20260331202716.0
007 kf co
008 230718s1989 xo g 0kuslo
015 |a SNBG1989 
035 |a SNK000147256 
035 |a 057625CB-1414-4FE1-84EB-E844791F96D3 
035 |a urn:nbn:sk:snk-km00giiq 
040 |a SNK  |b slo  |c SNK  |e AACR2 
041 0 |a slo 
043 |a e-xo--- 
044 |a xo  |c SK 
072 7 |a 913  |x Regionálna geografia  |2 konspekt 
080 |a 913(437.6)  |2 2011 
080 |a 908(437.6)  |2 2011 
080 |a 711.582.7  |2 2011 
080 |a 711.455.8  |2 2011 
080 |a 629.97  |2 2011 
080 |a 627.81  |2 2011 
080 |a (084.121)  |2 2011 
100 1 |a Jiroušek, Alexander,  |d 1934-2021  |4 pht  |9 223957 
245 1 0 |a Zemplínska šírava  |h grafika  |b večer na Zemplínskej šírave : prístav lodiek v rekreačnom stredisku Hôrka : kemping v rekreačnom stredisku Senderov  |c foto: A. Jiroušek, Z. Zibrin, J. Bobula ; výtvarný návrh: Ľ. Rázusová 
246 1 |i Názov na obrazovej časti:  |a Zemplínska šírava 
260 |a Bratislava  |b ČSTK-Pressfoto  |c 1989  |e Skalica  |f Grafobal 
300 |a 1 pohľadnica (3 čiastkové pohľady)  |b farebná  |c 15 x 11 cm 
520 8 |a Zobrazenie: Tri čiastkové pohľady, každý v bielom orámovaní, všetky spolu v striebornom orámovaní. V prvom pohľade je hore strieborným písmom názov. Nočný pohľad z brehu na vodnú nádrž v pozadí. Pohľad na stany a autá okolo listnatého stromu v autokempingu. Pohľad na člny kotviace na brehu vodnej nádrže, ktorú vidno vpravo za nimi 
650 0 7 |a vodné nádrže  |2 SNKPH  |9 4190 
650 0 7 |a autokempingy  |2 SNKPH  |9 784 
650 0 7 |a rekreačné oblasti  |2 SNKPH  |9 69057 
650 0 7 |a lode  |2 SNKPH  |9 28713 
651 7 |a Zemplínska šírava (Slovensko : vodná nádrž)  |2 SNKPHgeo  |9 110374 
651 7 |a Zemplínska šírava (Slovensko : rekreačná oblasť)  |2 SNKPHgeo  |9 113109 
655 7 |a geografické pohľadnice  |2 SNKPH  |9 70522 
655 7 |a miestne pohľadnice  |2 SNKPH  |9 70510 
700 1 |a Zibrin, Zdeno  |c (fotograf)  |4 pht  |9 283305 
700 1 |a Bobula, Juraj,  |d 1948-2017  |4 pht  |9 203493 
700 1 |a Rázusová, Ľubica  |c (grafička)  |4 art  |9 283298 
852 |a Slovenská národná knižnica 
954 |a pohľadnice pôvodné (slovenské)  |2 lita 
958 |a GBN 
958 |a GC 
958 |a OND 
958 |a EUIPO 
999 |c 783715  |d 785645 
952 |a SNK  |b SNK  |y PREZ  |7 0  |p 17A1283877  |o snkSP 141051  |i snk1423/89  |0 0  |1 0  |4 0  |d 2020-11-03  |f 1  |l 0  |r 2026-02-24 01:12:19  |w 2026-02-24 
952 |a SNK  |b SNK  |y PREZ  |7 0  |p 17A1283878  |o snkSP 141051 D1  |i snk1424/89  |0 0  |1 0  |4 0  |d 2020-11-03  |l 0  |r 2026-02-24 01:12:19  |w 2026-02-24